Повышение эффективности информационного обеспечения энергетических обследований; Промышленная энергетика; № 5

Dettagli Bibliografici
Parent link:Промышленная энергетика: производственно-технический журнал.— , 1944-
№ 5.— 2006.— С. 2-5
Autore principale: Литвак В. В. Валерий Владимирович
Altri autori: Маркман Г. З. Григорий Зямович
Riassunto:Создание электронных баз данных и программных комплексов для проведения энергетических обследований позволяет существенно улучшить их качество, снизить трудоемкость обработки исходной информации, а также осуществлять мониторинг энергосберегающей деятельности организации или региона. Использование программно-аналитического комплекса электронного энергетического паспорта предприятия дает возможность не только повысить эффективность информационного обеспечения обследований, но и расширить его функции путем введения дополнительных разделов, формируемых на основе общих баз данных.
Lingua:russo
Pubblicazione: 2006
Soggetti:
Natura: MixedMaterials Capitolo di libro
KOHA link:https://koha.lib.tpu.ru/cgi-bin/koha/opac-detail.pl?biblionumber=529551

MARC

LEADER 00000naa2a2200000 4500
001 529551
005 20231229114714.0
035 |a (RuTPU)RU\TPU\prd\215190 
035 |a RU\TPU\prd\215186 
090 |a 529551 
100 |a 20140306a2006 k y0rusy50 ca 
101 0 |a rus 
102 |a RU 
200 1 |a Повышение эффективности информационного обеспечения энергетических обследований  |f В. В. Литвак, Г. З. Маркман 
320 |a Библиогр.: 6 назв. 
330 |a Создание электронных баз данных и программных комплексов для проведения энергетических обследований позволяет существенно улучшить их качество, снизить трудоемкость обработки исходной информации, а также осуществлять мониторинг энергосберегающей деятельности организации или региона. Использование программно-аналитического комплекса электронного энергетического паспорта предприятия дает возможность не только повысить эффективность информационного обеспечения обследований, но и расширить его функции путем введения дополнительных разделов, формируемых на основе общих баз данных. 
461 1 |0 (RuTPU)RU\TPU\prd\315  |t Промышленная энергетика  |o производственно-технический журнал  |d 1944- 
463 1 |0 (RuTPU)RU\TPU\prd\43907  |t № 5  |v С. 2-5  |d 2006 
610 1 |a труды учёных ТПУ 
700 1 |a Литвак  |b В. В.  |c специалист в области теплоэнергетики  |c профессор Томского политехнического университета, доктор технических наук  |f 1940-  |g Валерий Владимирович  |3 (RuTPU)RU\TPU\pers\25676  |9 11587 
701 1 |a Маркман  |b Г. З.  |c специалист в области электроэнергетики  |c доцент Томского политехнического университета  |f 1947-  |g Григорий Зямович  |3 (RuTPU)RU\TPU\pers\31453 
801 1 |a RU  |b 63413507  |c 20140306 
801 2 |a RU  |b 63413507  |c 20140306  |g RCR 
942 |c BK